<?xml version="1.0" encoding="UTF-8"?>
<collection xmlns="http://www.loc.gov/MARC21/slim">
    <record>
        <controlfield tag="001">71020</controlfield>
        <controlfield tag="005">20180622145034.0</controlfield>
        <datafield tag="024" ind1="7" ind2=" ">
            <subfield code="2">doi</subfield>
            <subfield code="a">10.1103/PhysRevB.90.214423</subfield>
        </datafield>
        <datafield tag="024" ind1="8" ind2=" ">
            <subfield code="2">sideral</subfield>
            <subfield code="a">97200</subfield>
        </datafield>
        <datafield tag="037" ind1=" " ind2=" ">
            <subfield code="a">ART-2014-97200</subfield>
        </datafield>
        <datafield tag="041" ind1=" " ind2=" ">
            <subfield code="a">eng</subfield>
        </datafield>
        <datafield tag="100" ind1=" " ind2=" ">
            <subfield code="0">(orcid)0000-0003-3567-7030</subfield>
            <subfield code="a">Palacios, E.</subfield>
            <subfield code="u">Universidad de Zaragoza</subfield>
        </datafield>
        <datafield tag="245" ind1=" " ind2=" ">
            <subfield code="a">Magnetic structure and magnetocalorics of GdPO4</subfield>
        </datafield>
        <datafield tag="260" ind1=" " ind2=" ">
            <subfield code="c">2014</subfield>
        </datafield>
        <datafield tag="506" ind1="0" ind2=" ">
            <subfield code="a">Access copy available to the general public</subfield>
            <subfield code="f">Unrestricted</subfield>
        </datafield>
        <datafield tag="520" ind1="3" ind2=" ">
            <subfield code="a">The magnetic ordering structure of GdPO4 is determined at T=60 mK by the diffraction of hot neutrons with wavelength ¿=0.4696 Å. It corresponds to a noncollinear antiferromagnetic arrangement of the Gd moments with propagation vector k=(1/2,0,1/2). This arrangement is found to minimize the dipole-dipole interaction and the crystal-field anisotropy energy, the magnetic superexchange being much smaller. The intensity of the magnetic reflections decreases with increasing temperature and vanishes at T˜0.8 K, in agreement with the magnetic ordering temperature TN=0.77 K, as reported in previous works based on heat capacity and magnetic susceptibility measurements. The magnetocaloric parameters have been determined from heat capacity data at constant applied fields up to 7 T, as well as from isothermal magnetization data. The magnetocaloric effect, for a field change ¿B=0-7T, reaches -¿ST=375.8mJ/cm3K-1 at T=2.1 K, largely exceeding the maximum values reported to date for Gd-based magnetic refrigerants.</subfield>
        </datafield>
        <datafield tag="536" ind1=" " ind2=" ">
            <subfield code="9">info:eu-repo/grantAgreement/ES/MINECO/MAT2012-38318-C03-01</subfield>
            <subfield code="9">info:eu-repo/grantAgreement/ES/MINECO/MAT2013-44063-R</subfield>
        </datafield>
        <datafield tag="540" ind1=" " ind2=" ">
            <subfield code="9">info:eu-repo/semantics/openAccess</subfield>
            <subfield code="a">by-nc</subfield>
            <subfield code="u">http://creativecommons.org/licenses/by-nc/3.0/es/</subfield>
        </datafield>
        <datafield tag="590" ind1=" " ind2=" ">
            <subfield code="a">3.736</subfield>
            <subfield code="b">2014</subfield>
        </datafield>
        <datafield tag="591" ind1=" " ind2=" ">
            <subfield code="a">PHYSICS, CONDENSED MATTER</subfield>
            <subfield code="b">14 / 66 = 0.212</subfield>
            <subfield code="c">2014</subfield>
            <subfield code="d">Q1</subfield>
            <subfield code="e">T1</subfield>
        </datafield>
        <datafield tag="655" ind1=" " ind2="4">
            <subfield code="a">info:eu-repo/semantics/article</subfield>
            <subfield code="v">info:eu-repo/semantics/publishedVersion</subfield>
        </datafield>
        <datafield tag="700" ind1=" " ind2=" ">
            <subfield code="0">(orcid)0000-0002-8505-5232</subfield>
            <subfield code="a">Rodriguez-Velamazan, J.A.</subfield>
        </datafield>
        <datafield tag="700" ind1=" " ind2=" ">
            <subfield code="0">(orcid)0000-0002-8028-9064</subfield>
            <subfield code="a">Evangelisti, M.</subfield>
            <subfield code="u">Universidad de Zaragoza</subfield>
        </datafield>
        <datafield tag="700" ind1=" " ind2=" ">
            <subfield code="a">McIntyre, G.J.</subfield>
        </datafield>
        <datafield tag="700" ind1=" " ind2=" ">
            <subfield code="0">(orcid)0000-0002-4078-6808</subfield>
            <subfield code="a">Lorusso, G.</subfield>
        </datafield>
        <datafield tag="700" ind1=" " ind2=" ">
            <subfield code="a">Visser, D.</subfield>
        </datafield>
        <datafield tag="700" ind1=" " ind2=" ">
            <subfield code="a">de Jongh, L.J.</subfield>
        </datafield>
        <datafield tag="700" ind1=" " ind2=" ">
            <subfield code="a">Boatner, L.A.</subfield>
        </datafield>
        <datafield tag="710" ind1="2" ind2=" ">
            <subfield code="1">2003</subfield>
            <subfield code="2">395</subfield>
            <subfield code="a">Universidad de Zaragoza</subfield>
            <subfield code="b">Departamento de Física de la Materia Condensada</subfield>
            <subfield code="c">Física de la Materia Condensada</subfield>
        </datafield>
        <datafield tag="773" ind1=" " ind2=" ">
            <subfield code="g">90, 21 (2014), 214423 [9 pp]</subfield>
            <subfield code="p">Phys. Rev. B, Condens. matter mater. phys.</subfield>
            <subfield code="t">Physical Review B. Condensed Matter and Materials Physics</subfield>
            <subfield code="x">1098-0121</subfield>
        </datafield>
        <datafield tag="856" ind1="4" ind2=" ">
            <subfield code="s">608043</subfield>
            <subfield code="u">http://zaguan.unizar.es/record/71020/files/texto_completo.pdf</subfield>
            <subfield code="y">Versión publicada</subfield>
        </datafield>
        <datafield tag="856" ind1="4" ind2=" ">
            <subfield code="s">132434</subfield>
            <subfield code="u">http://zaguan.unizar.es/record/71020/files/texto_completo.jpg?subformat=icon</subfield>
            <subfield code="x">icon</subfield>
            <subfield code="y">Versión publicada</subfield>
        </datafield>
        <datafield tag="909" ind1="C" ind2="O">
            <subfield code="o">oai:zaguan.unizar.es:71020</subfield>
            <subfield code="p">articulos</subfield>
            <subfield code="p">driver</subfield>
        </datafield>
        <datafield tag="951" ind1=" " ind2=" ">
            <subfield code="a">2018-06-22-14:15:26</subfield>
        </datafield>
        <datafield tag="980" ind1=" " ind2=" ">
            <subfield code="a">ARTICLE</subfield>
        </datafield>
    </record>

    
</collection>